Análisis de estados financieros: teoría, aplicación e interpretación
Uloženo v:
| Hlavní autor: | |
|---|---|
| Médium: | Kniha |
| Jazyk: | španělština |
| Vydáno: |
Ciudad de México
Irwin
1995
|
| Témata: | |
| Tagy: |
Přidat tag
Žádné tagy, Buďte první, kdo vytvoří štítek k tomuto záznamu!
|
MARC
| LEADER | 00000nam a2200000 a 4500 | ||
|---|---|---|---|
| 001 | UCO4475 | ||
| 003 | CL-VaPUC | ||
| 008 | 000804e19950000MX |||||||||||||||||spa|d | ||
| 082 | 0 | 4 | |a 657.3 |b BER |2 21 |
| 100 | 0 | |a Bernstein, Leopold A |e author |9 449026 | |
| 245 | 1 | 0 | |a Análisis de estados financieros: teoría, aplicación e interpretación |
| 300 | |a 213 p | ||
| 942 | |c BK | ||
| 945 | |d 20000804 00:00:00 |a vberengu | ||
| 260 | |a Ciudad de México |b Irwin |c 1995 | ||
| 650 | 0 | |a Análisis de datos |9 269871 | |
| 650 | 0 | |a Contabilidad |9 261430 | |
| 650 | 0 | |a Contabilidad financiera |9 307017 | |
| 650 | 7 | |a ESTADOS FINANCIEROS |2 CL-VaPUC |9 449027 | |
| 650 | 0 | |a Administración financiera |9 261146 | |
| 583 | |a last modification |c 20000804 00:00:00 |k Rodrigo Vera | ||
| 999 | |c 290516 |d 290514 | ||
| 952 | |0 0 |1 0 |4 0 |6 657_300000000000000_BER_1995 |7 0 |8 A |9 340005 |a BIBGIM |b BIBGIM |d 2019-11-20 |i 3409392 |o 657.3 BER 1995 |p 3409392 |r 2025-01-15 |w 2019-11-20 |y BK |k COM | ||